[Event "International Championship of Central S"]
[Site "Paracin"]
[Date "2012.07.10"]
[Round "5.1"]
[White "Indjic, Aleksandar"]
[Black "Pap, Gyula"]
[Result "1/2-1/2"]
[WhiteElo "2451"]
[BlackElo "2566"]
[PlyCount "48"]
[EventDate "2012.??.??"]

1. d4 f5 2. c4 Nf6 3. Nc3 d6 4. Bg5 Nbd7 5. Qc2 g6 6. h4 Bg7 7. e3 h6 8. Bxf6
Nxf6 9. Nf3 c6 10. Bd3 Qa5 11. c5 Be6 12. cxd6 exd6 13. b4 Qc7 14. O-O O-O 15.
a4 Qf7 16. Rfc1 Nd5 17. Nxd5 Bxd5 18. Bc4 Bxc4 19. Qxc4 Qxc4 20. Rxc4 a5 21.
bxa5 Rxa5 22. Rb1 Rf7 23. Rcb4 Ra7 24. g3 Bf6 1/2-1/2

[Event "International Championship of Central S"]
[Site "Paracin"]
[Date "2012.07.10"]
[Round "5.2"]
[White "Gleizerov, Evgeny"]
[Black "Stojanovski, Dejan"]
[Result "1/2-1/2"]
[WhiteElo "2565"]
[BlackElo "2430"]
[PlyCount "61"]
[EventDate "2012.??.??"]

1. d4 Nf6 2. c4 e6 3. g3 Bb4+ 4. Bd2 Be7 5. Bg2 d5 6. Nf3 O-O 7. O-O c6 8. Bf4
Nbd7 9. Nc3 b6 10. cxd5 Nxd5 11. Qc2 Bb7 12. Rad1 Rc8 13. Qb1 Nxf4 14. gxf4 Qc7
15. Ne5 Rfd8 16. b4 Ba8 17. Nxd7 Rxd7 18. e3 c5 19. Bxa8 Rxa8 20. dxc5 Rxd1 21.
Rxd1 bxc5 22. b5 Rb8 23. a4 c4 24. Qc2 Rc8 25. Ne2 Bf6 26. e4 a6 27. e5 Bh4 28.
Nd4 axb5 29. Nxb5 Qc5 30. Nd6 Rb8 31. Ne4 1/2-1/2

[Event "International Championship of Central S"]
[Site "Paracin"]
[Date "2012.07.10"]
[Round "5.4"]
[White "Cvitan, Ognjen"]
[Black "Kadric, Denis"]
[Result "1-0"]
[WhiteElo "2538"]
[BlackElo "2420"]
[PlyCount "67"]
[EventDate "2012.??.??"]

1. d4 Nf6 2. c4 g6 3. Nc3 d5 4. cxd5 Nxd5 5. e4 Nxc3 6. bxc3 Bg7 7. Bc4 c5 8.
Ne2 O-O 9. O-O Nc6 10. Be3 Qc7 11. Rc1 b6 12. Qd2 Bb7 13. Bh6 Rad8 14. Bxg7
Kxg7 15. Qe3 e5 16. Bb5 Na5 17. Ng3 Qe7 18. dxe5 c4 19. Rcd1 Qxe5 20. Ba4 Qe7
21. Rd4 Rxd4 22. Qxd4+ Qf6 23. e5 Qd8 24. Qf4 Qd5 25. Qf6+ Kg8 26. f3 Nc6 27.
Bxc6 Qc5+ 28. Kh1 Bxc6 29. Rd1 Re8 30. h4 Ba4 31. Rd8 Qc6 32. Ne4 Rxd8 33.
Qxd8+ Kg7 34. Nf6 1-0

[Event "International Championship of Central S"]
[Site "Paracin"]
[Date "2012.07.10"]
[Round "5.5"]
[White "Zlatanovic, Boroljub"]
[Black "Atalik, Suat"]
[Result "0-1"]
[WhiteElo "2428"]
[BlackElo "2599"]
[PlyCount "80"]
[EventDate "2012.??.??"]

1. c4 b6 2. Nc3 Bb7 3. e4 e5 4. g3 f5 5. Bg2 Nf6 6. Nd5 fxe4 7. Bxe4 Bc5 8. Bg2
Nc6 9. Ne2 Nb4 10. d4 Nfxd5 11. cxd5 exd4 12. O-O O-O 13. Nf4 a5 14. a3 Na6 15.
Qh5 Qe8 16. Qg4 Qf7 17. Ne6 Rfe8 18. Be4 Be7 19. Bh6 dxe6 20. dxe6 Qf6 21. Bxb7
Qxh6 22. Bxa8 Rxa8 23. Qxd4 Nc5 24. b4 axb4 25. axb4 Rd8 26. Qc3 Nxe6 27. Rfe1
Kf8 28. Qe5 Kf7 29. Ra3 Rd6 30. Rae3 Bf6 31. Qb5 Qg5 32. Qc4 b5 33. Qa2 Qf5 34.
Kg2 h5 35. h3 c6 36. Qa7+ Kg6 37. Qb8 Qd5+ 38. Kh2 Rd8 39. Qa7 Nd4 40. Qa3 Nc2
0-1

[Event "International Championship of Central S"]
[Site "Paracin"]
[Date "2012.07.10"]
[Round "5.7"]
[White "Nestorovic, Lazar"]
[Black "Ulibin, Mikhail"]
[Result "0-1"]
[WhiteElo "2381"]
[BlackElo "2531"]
[PlyCount "70"]
[EventDate "2012.??.??"]

1. e4 e6 2. Qe2 d5 3. exd5 Qxd5 4. Nc3 Qd8 5. Nf3 c5 6. b3 Nc6 7. Bb2 Nge7 8.
O-O-O Nf5 9. Ne4 Be7 10. c3 O-O 11. g4 Nd6 12. Nxc5 Qa5 13. d4 Qxa2 14. Kc2 Qa5
15. Kb1 Qc7 16. h4 a5 17. Ng5 a4 18. bxa4 Na5 19. Qc2 g6 20. c4 b6 21. Qc3
Ndxc4 22. Bxc4 Nxc4 23. Qxc4 bxc5 24. d5 exd5 25. Rxd5 Rb8 26. Rd2 Rb4 27. Qc3
f6 28. h5 Bxg4 29. hxg6 Bf5+ 30. Ka1 Rxa4+ 31. Ba3 c4 32. gxh7+ Kh8 33. Ra2 Qa7
34. Rg1 Rxa3 35. Nf7+ Rxf7 0-1

[Event "International Championship of Central Se"]
[Site "Paracin, hotel "]
[Date "2012.07.10"]
[Round "5.8"]
[White "Kholopov, Alexander A"]
[Black "Savic, Miodrag R"]
[Result "1/2-1/2"]
[WhiteElo "2289"]
[BlackElo "2517"]
[PlyCount "43"]
[EventDate "2012.07.06"]

1. c4 e6 2. Nc3 Bb4 3. e4 Ne7 4. d4 O-O 5. a3 Bxc3+ 6. bxc3 d5 7. Bd3 c5 8. Ne2
dxc4 9. Bxc4 b6 10. O-O Bb7 11. f3 Qc8 12. Bd3 Ba6 13. Bg5 Ng6 14. a4 Nc6 15.
Bb5 h6 16. Be3 Na5 17. dxc5 Rd8 18. Qc2 Bxb5 19. axb5 Nc4 20. Bf2 Rd2 21. Qa4
Nb2 22. Qa6 1/2-1/2

[Event "International Championship of Central Se"]
[Site "Paracin, hotel "]
[Date "2012.07.10"]
[Round "5.9"]
[White "Martinovic, Slobodan"]
[Black "Skovgaard, Peter"]
[Result "1-0"]
[WhiteElo "2447"]
[BlackElo "2306"]
[PlyCount "87"]
[EventDate "2012.07.06"]

1. c4 e5 2. Nc3 d6 3. Nf3 f5 4. d4 e4 5. Ng5 Be7 6. Nh3 Nf6 7. g3 c6 8. d5 O-O
9. Nf4 Na6 10. h4 Nc7 11. Bh3 b5 12. cxb5 cxb5 13. b4 Nd7 14. Ne6 Nxe6 15. dxe6
Nb6 16. Nxb5 Bxe6 17. Nd4 Qd7 18. O-O d5 19. Qb3 Nc4 20. Bf4 a5 21. b5 a4 22.
Qd1 Bf6 23. Rb1 Na3 24. Nxe6 Qxe6 25. Rb4 Bc3 26. Rxa4 Nxb5 27. Rxa8 Rxa8 28.
a4 Nd4 29. Be3 Nc6 30. Qb3 Bd4 31. Bf4 Be5 32. Bxe5 Nxe5 33. Bxf5 Qf7 34. Bh3
Nc4 35. Qc2 Rb8 36. Qc3 g6 37. Qd4 Ra8 38. Rb1 h5 39. Rb5 Rd8 40. a5 Qg7 41.
Be6+ Kh7 42. Qxg7+ Kxg7 43. Bxd5 Nd6 44. Rb3 1-0

[Event "International Championship of Central Se"]
[Site "Paracin, hotel "]
[Date "2012.07.10"]
[Round "5.11"]
[White "Kovacevic, Aleksandar"]
[Black "Tosic, Srecko"]
[Result "1-0"]
[WhiteElo "2537"]
[BlackElo "2367"]
[PlyCount "65"]
[EventDate "2012.07.06"]

1. e4 e6 2. d4 d5 3. Nd2 dxe4 4. Nxe4 Bd7 5. Nf3 Bc6 6. Bd3 Nd7 7. O-O Ngf6 8.
Ng3 Be7 9. Re1 O-O 10. c3 Re8 11. h4 Nd5 12. Bd2 N5f6 13. Qe2 Bd6 14. c4 Bxf3
15. Qxf3 c5 16. Be3 cxd4 17. Bxd4 Nc5 18. Rad1 Bxg3 19. fxg3 Qe7 20. Bc2 b6 21.
b4 Ncd7 22. a3 Rac8 23. Ba4 Red8 24. Qb7 Rb8 25. Qa6 Nf8 26. c5 bxc5 27. Bxc5
Qc7 28. Rc1 Qb7 29. Qxa7 Qd5 30. Be7 Ra8 31. Qc7 Ne8 32. Qc2 Rdb8 33. Bc6 1-0

[Event "International Championship of Central Se"]
[Site "Paracin, hotel "]
[Date "2012.07.10"]
[Round "5.13"]
[White "Doric, Nenad"]
[Black "Bogdanovski, Vlatko"]
[Result "0-1"]
[WhiteElo "2330"]
[BlackElo "2454"]
[PlyCount "90"]
[EventDate "2012.07.06"]

1. Nf3 Nf6 2. c4 e6 3. Nc3 Bb4 4. Qc2 O-O 5. a3 Bxc3 6. Qxc3 b6 7. b4 Bb7 8. e3
d6 9. Bb2 e5 10. d3 Nbd7 11. Be2 c5 12. O-O Re8 13. Nd2 a6 14. Bf3 Bxf3 15.
Nxf3 b5 16. Rfd1 Qe7 17. Rac1 Rec8 18. Ba1 h6 19. h3 Qe6 20. Qd2 Rab8 21. Rb1
bxc4 22. dxc4 Rb6 23. bxc5 Rxb1 24. Rxb1 Rxc5 25. Qb4 Qxc4 26. Rd1 Qxb4 27.
axb4 Rc4 28. Bb2 Rc2 29. Rd2 Rxd2 30. Nxd2 Kf8 31. e4 Ke7 32. Kf1 d5 33. f3 Kd6
34. Ke2 Kc6 35. Kd3 Nh5 36. exd5+ Kxd5 37. g4 Nf4+ 38. Kc3 Nxh3 39. Nc4 Ng5 40.
Ne3+ Ke6 41. Nf5 g6 42. Nh4 Kd5 43. Kd3 Nb8 44. Bc3 Nc6 45. Be1 Nd4 0-1

[Event "International Championship of Central Se"]
[Site "Paracin, hotel "]
[Date "2012.07.10"]
[Round "5.14"]
[White "Ardeleanu, Alin"]
[Black "Arsovic, Zoran"]
[Result "1/2-1/2"]
[WhiteElo "2335"]
[BlackElo "2443"]
[PlyCount "29"]
[EventDate "2012.07.06"]

1. e4 c5 2. Nf3 e6 3. d4 cxd4 4. Nxd4 Nf6 5. Bd3 d6 6. O-O g6 7. c4 Bg7 8. Nc3
O-O 9. h3 b6 10. Nf3 Bb7 11. Bf4 Nh5 12. Bg5 Bf6 13. Bh6 Bg7 14. Bg5 Bf6 15.
Bh6 1/2-1/2

[Event "International Championship of Central Se"]
[Site "Paracin, hotel "]
[Date "2012.07.10"]
[Round "5.20"]
[White "Abramovic, Bosko"]
[Black "Dimitrijevic, Radmilo"]
[Result "1/2-1/2"]
[WhiteElo "2470"]
[BlackElo "2236"]
[PlyCount "138"]
[EventDate "2012.07.06"]

1. c4 e5 2. Nc3 Nc6 3. g3 g6 4. Bg2 Bg7 5. d3 d6 6. e3 Be6 7. Nge2 Qd7 8. h3
Nge7 9. Nd5 Nd8 10. e4 c6 11. Nxe7 Qxe7 12. Be3 c5 13. Qd2 Nc6 14. h4 h5 15.
Nc3 Qd7 16. O-O O-O 17. Rab1 Rab8 18. a3 a5 19. Kh2 b6 20. b3 Kh7 21. Nd5 Bxd5
22. cxd5 Nd4 23. f4 exf4 24. Bxf4 Nb5 25. Bh3 Qe7 26. a4 Nd4 27. Bg5 Qc7 28.
Bf6 Bxf6 29. Rxf6 Qe7 30. Rbf1 Kg7 31. Qf4 Nf5 32. Rxf5 gxf5 33. Bxf5 b5 34.
Qf2 Rh8 35. Bh3 bxa4 36. bxa4 Rb7 37. Kh1 Rh6 38. Qe3 Rg6 39. Bf5 Rh6 40. d4
cxd4 41. Qxd4+ Qf6 42. Qe3 Rh8 43. Bh3 Qe5 44. Rf5 Rb1+ 45. Kh2 Qb2+ 46. Bg2 f6
47. Qf3 Rh6 48. Rxh5 Rg6 49. e5 dxe5 50. Qf5 Qb7 51. Be4 Rb2+ 52. Kh3 Qf7 53.
Qf3 Rd2 54. d6 Rxd6 55. Bxg6 Qxg6 56. Qb7+ Kf8 57. Qc8+ Kg7 58. Qc7+ Kg8 59.
Qxd6 Qxh5 60. Qxf6 Qe2 61. Qb6 Qe1 62. h5 Qh1+ 63. Kg4 Qd1+ 64. Kh4 Qxa4+ 65.
g4 Qf4 66. Qe6+ Kg7 67. Qe7+ Kh6 68. Qd6+ Kg7 69. Qg6+ Kf8 1/2-1/2

[Event "International Championship of Central Se"]
[Site "Paracin, hotel "]
[Date "2012.07.10"]
[Round "5.21"]
[White "Maksimovic, Branimir"]
[Black "Cvetanovic, Uros"]
[Result "1-0"]
[WhiteElo "2452"]
[BlackElo "2225"]
[PlyCount "59"]
[EventDate "2012.07.06"]

1. c4 Nf6 2. g3 d6 3. Bg2 c5 4. Nc3 g6 5. Nf3 Bg7 6. O-O O-O 7. d4 cxd4 8. Nxd4
a6 9. b3 e6 10. Bb2 Qc7 11. Rc1 Nbd7 12. Qd2 Rd8 13. Rfd1 Ne8 14. h3 Rb8 15.
Kh2 b6 16. Nc6 Bb7 17. Nxd8 Rxd8 18. Ne4 Bxe4 19. Bxe4 f5 20. Bg2 Ndf6 21. b4
Rd7 22. Qe3 Kf7 23. Bd4 e5 24. Bxb6 Qb8 25. c5 f4 26. Qb3+ Kf8 27. a4 fxg3+ 28.
fxg3 Bh6 29. Rc3 Kg7 30. a5 1-0

[Event "International Championship of Central Se"]
[Site "Paracin, hotel "]
[Date "2012.07.10"]
[Round "5.22"]
[White "Nestorovic, Nikola"]
[Black "Milovanovic, Srboljub"]
[Result "1-0"]
[WhiteElo "2436"]
[BlackElo "2217"]
[PlyCount "69"]
[EventDate "2012.07.06"]

1. e4 c5 2. Nf3 Nc6 3. d4 cxd4 4. Nxd4 Nf6 5. Nc3 d6 6. Bg5 e6 7. Qd2 a6 8.
O-O-O Bd7 9. f3 Be7 10. h4 h6 11. Be3 h5 12. Bg5 Ne5 13. f4 Neg4 14. Qe1 Qa5
15. Kb1 Rc8 16. Rh3 b5 17. e5 b4 18. exf6 gxf6 19. Ne4 fxg5 20. hxg5 e5 21. Nb3
Qb6 22. Rhd3 Bf5 23. Nxd6+ Bxd6 24. Rxd6 Bxc2+ 25. Ka1 Qc7 26. Rd7 Qxd7 27.
Rxd7 Kxd7 28. Bxa6 Rc7 29. Bb5+ Ke6 30. Nd4+ Kd5 31. Nxc2 Rxc2 32. Qd1+ Kc5 33.
Qxc2+ Kxb5 34. b3 exf4 35. Qc4+ 1-0

[Event "International Championship of Central Se"]
[Site "Paracin, hotel "]
[Date "2012.07.10"]
[Round "5.24"]
[White "Rubil, Marko"]
[Black "Martic, Zlatko"]
[Result "1/2-1/2"]
[WhiteElo "2205"]
[BlackElo "2356"]
[PlyCount "44"]
[EventDate "2012.07.06"]

1. e4 d6 2. d4 Nf6 3. Nc3 g6 4. f4 Bg7 5. Nf3 c5 6. Bb5+ Bd7 7. e5 Ng4 8. e6
fxe6 9. Ng5 Bxb5 10. Nxb5 Qa5+ 11. c3 Qxb5 12. Nxe6 Qc4 13. Nxg7+ Kf7 14. Qxg4
Kxg7 15. dxc5 dxc5 16. Qe2 Qxe2+ 17. Kxe2 Nc6 18. Be3 b6 19. Rad1 Rad8 20. Kf3
e5 21. Rxd8 Rxd8 22. Rf1 h5 1/2-1/2

[Event "International Championship of Central Se"]
[Site "Paracin, hotel "]
[Date "2012.07.10"]
[Round "5.27"]
[White "Irizanin, Radoje"]
[Black "Radovanovic, Nikola"]
[Result "1-0"]
[WhiteElo "2344"]
[BlackElo "2191"]
[PlyCount "93"]
[EventDate "2012.07.06"]

1. d4 Nf6 2. Nf3 g6 3. Bf4 Bg7 4. e3 O-O 5. Be2 d6 6. h3 c5 7. O-O Qb6 8. Nbd2
cxd4 9. Nc4 Qc7 10. exd4 b6 11. Re1 Bb7 12. Bf1 Nd5 13. Bh2 Nd7 14. Ncd2 Qd8
15. c4 Nc7 16. Rb1 Re8 17. d5 b5 18. b3 a5 19. Ne4 b4 20. Nd4 Na6 21. Nb5 Nac5
22. Nxc5 Nxc5 23. Bf4 Bc8 24. Nd4 Bd7 25. Qd2 a4 26. Bh6 Bh8 27. Be3 axb3 28.
axb3 Qb6 29. Bg5 Bxd4 30. Qxd4 f6 31. Bc1 Ra2 32. g4 g5 33. Re3 Kg7 34. Bb2 Qd8
35. Rbe1 e5 36. dxe6 Nxe6 37. Qd2 Kf7 38. c5 dxc5 39. Bc4 Qc8 40. Qc2 Kg7 41.
Bxf6+ Kxf6 42. Qxa2 Nd4 43. Qb1 Qd8 44. Qxh7 Be6 45. Rxe6+ Nxe6 46. Rxe6+ Rxe6
47. Qh6+ 1-0

[Event "International Championship of Central Se"]
[Site "Paracin, hotel "]
[Date "2012.07.10"]
[Round "5.30"]
[White "Nikolic, Dragovan"]
[Black "Tscharotschkin, Michael"]
[Result "1/2-1/2"]
[WhiteElo "2261"]
[BlackElo "2176"]
[PlyCount "44"]
[EventDate "2012.07.06"]

1. d4 d5 2. Nf3 c6 3. c4 e6 4. Nc3 Nf6 5. cxd5 exd5 6. Bg5 Be7 7. e3 Bf5 8. Bd3
Bxd3 9. Qxd3 O-O 10. O-O Ne4 11. Bxe7 Qxe7 12. b4 Nd7 13. Rab1 Nb6 14. b5 Rac8
15. Rfc1 c5 16. dxc5 Rxc5 17. Ne2 Rfc8 18. Rxc5 Qxc5 19. Nfd4 Qc4 20. Qa3 Nc3
21. Nxc3 Qxc3 22. Qxc3 Rxc3 1/2-1/2

[Event "International Championship of Central Se"]
[Site "Paracin, hotel "]
[Date "2012.07.10"]
[Round "5.32"]
[White "Pantelic, Sasa"]
[Black "Gevorgyan, Maria"]
[Result "0-1"]
[WhiteElo "2362"]
[BlackElo "2040"]
[PlyCount "55"]
[EventDate "2012.07.06"]

1. d4 Nf6 2. Nf3 d5 3. c4 dxc4 4. Nc3 e6 5. e4 a6 6. e5 Nd5 7. Bxc4 b5 8. Bd3
Bb7 9. Ne4 Nd7 10. O-O h6 11. Qe2 c5 12. dxc5 Nb4 13. Rd1 Rc8 14. Nd6+ Bxd6 15.
cxd6 Bxf3 16. gxf3 Nxd3 17. Rxd3 Rxc1+ 18. Rxc1 Qg5+ 19. Kf1 Qxc1+ 20. Rd1 Qf4
21. Qe4 Qxe4 22. fxe4 Nxe5 23. Ke2 g5 24. Rc1 Kd7 25. Rc7+ Kxd6 26. Ra7 Rc8 27.
Rxa6+ Rc6 28. Rxc6+ 0-1

[Event "International Championship of Central Se"]
[Site "Paracin, hotel "]
[Date "2012.07.10"]
[Round "5.33"]
[White "Mladenovic, Stefan"]
[Black "Smirnov, Boris"]
[Result "1/2-1/2"]
[WhiteElo "2236"]
[BlackElo "2143"]
[PlyCount "157"]
[EventDate "2012.07.06"]

1. d4 Nf6 2. c4 g6 3. Nc3 c5 4. d5 Bg7 5. e4 d6 6. Bd3 O-O 7. Nge2 Na6 8. O-O
Nc7 9. h3 Rb8 10. a4 b6 11. Bg5 a6 12. Rb1 Bd7 13. b4 cxb4 14. Rxb4 a5 15. Rb1
Na6 16. Be3 Nb4 17. Nd4 Ne8 18. Be2 Nc7 19. Bg4 Nca6 20. Ncb5 Nc5 21. Bd2 Bxb5
22. Nxb5 Nxe4 23. Bxb4 axb4 24. Rxb4 Ra8 25. Qc2 Nc5 26. Rfb1 Ra6 27. Bd1 Bf6
28. Qe2 Qd7 29. Bc2 Rfa8 30. Qd1 Ra5 31. f4 Na6 32. R4b3 Rxa4 33. Rc3 Ra5 34.
Rg3 Qc8 35. f5 Qc5+ 36. Kh1 Qf2 37. Rf3 Qh4 38. fxg6 hxg6 39. Qf1 Kg7 40. Rf4
Qg5 41. Rg4 Qh5 42. Qf2 Nc5 43. Rf1 Nd7 44. Rf4 Ra1 45. Bb1 Qe5 46. Nd4 Nc5 47.
Nc6 Rxb1 48. Rxb1 Nd3 49. Nxe5 Nxf2+ 50. Rxf2 Bxe5 51. Rc2 Bd4 52. g4 Ra3 53.
Kg2 Be5 54. Rh1 f6 55. Kf2 Kh6 56. Re2 Kg5 57. Re4 Kh4 58. Rg1 Rxh3 59. g5+ Kh5
60. gxf6 exf6 61. Rb1 Kg5 62. Rxe5+ fxe5 63. Rxb6 Rc3 64. Rc6 Kf5 65. Ke2 Ke4
66. Rxd6 Rc2+ 67. Kd1 Rxc4 68. Rxg6 Kxd5 69. Kd2 Ra4 70. Rg8 Kd4 71. Rg3 Ra2+
72. Kd1 e4 73. Rh3 Ra1+ 74. Ke2 Ra2+ 75. Ke1 Rb2 76. Rg3 Ke5 77. Rg8 Kd4 78.
Rg3 e3 79. Rg8 1/2-1/2

[Event "International Championship of Central Se"]
[Site "Paracin, hotel "]
[Date "2012.07.10"]
[Round "5.34"]
[White "Ratkovic, Miloje"]
[Black "Jandric, Damjan"]
[Result "1-0"]
[WhiteElo "2176"]
[BlackElo "2010"]
[PlyCount "69"]
[EventDate "2012.07.06"]

1. d4 Nf6 2. Nf3 g6 3. e3 Bg7 4. b3 c5 5. Bb2 O-O 6. Be2 cxd4 7. Nxd4 Nc6 8.
O-O d5 9. Nxc6 bxc6 10. Nd2 Re8 11. Nf3 a5 12. Be5 Qb6 13. c4 Ba6 14. Qc2 Ne4
15. Bxg7 Kxg7 16. Rfd1 e6 17. Qb2+ f6 18. Qc2 Rab8 19. Rac1 Rbc8 20. Bf1 Qb4
21. Qb2 Qb7 22. Nd2 Nd6 23. Rc2 Red8 24. Rdc1 dxc4 25. Nxc4 Nxc4 26. Bxc4 Rd6
27. Rd2 Rcd8 28. Rxd6 Rxd6 29. Qa3 Rd2 30. Bxa6 Qxa6 31. Qe7+ Kg8 32. Qxe6+ Kg7
33. Qe7+ Kg8 34. Qxf6 Qd3 35. Qf3 1-0

[Event "International Championship of Central Se"]
[Site "Paracin, hotel "]
[Date "2012.07.10"]
[Round "5.35"]
[White "Marjanovic, Dejan"]
[Black "Stojkovska, Monika"]
[Result "1-0"]
[WhiteElo "2169"]
[BlackElo "1909"]
[PlyCount "99"]
[EventDate "2012.07.06"]

1. e4 c5 2. Nc3 Nc6 3. f4 g6 4. Nf3 Bg7 5. Bb5 Nd4 6. O-O Nxb5 7. Nxb5 d6 8. d3
Nh6 9. Qe1 O-O 10. h3 a6 11. Nc3 e6 12. e5 d5 13. g4 b5 14. f5 Nxg4 15. hxg4
exf5 16. Bg5 f6 17. exf6 Bxf6 18. Bxf6 Rxf6 19. g5 Re6 20. Qg3 d4 21. Nb1 Bb7
22. Nbd2 Qe7 23. Rfe1 Re3 24. Nf1 Re2 25. Rxe2 Qxe2 26. N1d2 Bxf3 27. Qxf3 Qe3+
28. Qxe3 dxe3 29. Nf1 f4 30. Kg2 Rf8 31. Kf3 Kg7 32. Nh2 h6 33. gxh6+ Kxh6 34.
Kg4 Kg7 35. Nf3 Rf5 36. c3 Kf6 37. a4 b4 38. cxb4 cxb4 39. Rc1 Rd5 40. d4 g5
41. Rc6+ Kf7 42. Rxa6 e2 43. Rc6 Rxd4 44. Rc2 Re4 45. Rc1 Kg6 46. a5 Re6 47.
Re1 Ra6 48. Nxg5 Rxa5 49. Nf3 Rc5 50. Rxe2 1-0

[Event "International Championship of Central Se"]
[Site "Paracin, hotel "]
[Date "2012.07.10"]
[Round "5.36"]
[White "Todorovic, Nenad I"]
[Black "Dimic, Pavle"]
[Result "1/2-1/2"]
[WhiteElo "2001"]
[BlackElo "2116"]
[PlyCount "50"]
[EventDate "2012.07.06"]

1. e4 c5 2. Nf3 d6 3. d4 cxd4 4. Nxd4 Nf6 5. Nc3 Nc6 6. Bg5 Qa5 7. Bxf6 gxf6 8.
Qd2 Nxd4 9. Qxd4 Bd7 10. O-O-O Rc8 11. f4 Qc5 12. Qd2 b5 13. Nd5 Bg7 14. Kb1 f5
15. e5 e6 16. Nb4 d5 17. Be2 h5 18. g3 a5 19. Nd3 Qb6 20. h3 Ke7 21. g4 hxg4
22. hxg4 fxg4 23. Bxg4 Rxh1 24. Rxh1 Rh8 25. Rf1 Bh6 1/2-1/2

[Event "International Championship of Central Se"]
[Site "Paracin, hotel "]
[Date "2012.07.10"]
[Round "5.38"]
[White "Kalinic, Dusan"]
[Black "Zajic, Milan"]
[Result "1/2-1/2"]
[WhiteElo "2082"]
[BlackElo "2151"]
[PlyCount "92"]
[EventDate "2012.07.06"]

1. d4 d5 2. Nf3 Nf6 3. c4 c6 4. Nc3 dxc4 5. a4 Bf5 6. e3 e6 7. Bxc4 Bb4 8. O-O
O-O 9. h3 h6 10. Qb3 Qe7 11. a5 Nbd7 12. Ra4 Bd6 13. Qxb7 Bxh3 14. gxh3 Ne5 15.
dxe5 Qxb7 16. exd6 c5 17. Ne5 a6 18. Ra3 Nd7 19. Rb3 Qc8 20. Nxd7 Qxd7 21. Rd1
Rfc8 22. Rb6 Rc6 23. Na4 Rxd6 24. Rbxd6 Qxa4 25. b3 Qxa5 26. Bd2 Qc7 27. Bc3
Qe7 28. Kh2 Qh4 29. R6d2 a5 30. Rg1 g6 31. Rg4 Qe7 32. Rf4 Qc7 33. Kg1 Rd8 34.
Ra2 Rd1+ 35. Kg2 Qc6+ 36. f3 f5 37. Rxa5 Qd7 38. Ra6 Rd2+ 39. Bxd2 Qxd2+ 40.
Kf1 Qd1+ 41. Kf2 g5 42. Rxf5 Qd2+ 43. Kg3 Qe1+ 44. Kg2 Qd2+ 45. Kf1 Qd1+ 46.
Kf2 Qd2+ 1/2-1/2

[Event "International Championship of Central Se"]
[Site "Paracin, hotel "]
[Date "2012.07.10"]
[Round "5.39"]
[White "Ristovich, Dmitar S"]
[Black "Vucinic, Gojko"]
[Result "0-1"]
[WhiteElo "1916"]
[BlackElo "2150"]
[PlyCount "84"]
[EventDate "2012.07.06"]

1. d4 Nf6 2. c4 e6 3. Nc3 Bb4 4. e3 c5 5. Bd3 O-O 6. Nge2 d5 7. O-O Nc6 8. cxd5
exd5 9. a3 cxd4 10. Nb5 Bc5 11. b4 Bb6 12. Nbxd4 Qd6 13. Bb2 Bc7 14. Ng3 a6 15.
Ndf5 Bxf5 16. Bxf5 Rad8 17. Qb3 h5 18. Rfd1 g6 19. Bh3 Ne4 20. Rxd5 Qxd5 21.
Qxd5 Rxd5 22. Nxe4 Bd8 23. Rc1 f5 24. Nc5 Bf6 25. Bxf6 Rxf6 26. Nxb7 Rd3 27.
Ra1 Ne5 28. Nc5 Rd2 29. Nb3 Rb2 30. Nd4 Nd3 31. g3 Nxf2 32. Bf1 Ng4 33. Re1
Nxh2 34. Bg2 Ng4 35. Bd5+ Kh7 36. Bc4 Rd6 37. Nf3 Rc2 38. Bf1 Rc3 39. Ng5+ Kg7
40. a4 Rxe3 41. Ra1 Rd2 42. Ne6+ Kf6 0-1

[Event "International Championship of Central Se"]
[Site "Paracin, hotel "]
[Date "2012.07.10"]
[Round "5.41"]
[White "Colovic, Zoran"]
[Black "Bejatovic, Bojana"]
[Result "1-0"]
[WhiteElo "2129"]
[BlackElo "1941"]
[PlyCount "81"]
[EventDate "2012.07.06"]

1. e4 Nf6 2. e5 Nd5 3. d4 d6 4. c4 Nb6 5. f4 dxe5 6. fxe5 Nc6 7. Be3 Bf5 8. Nf3
e6 9. Nc3 Be7 10. Be2 O-O 11. O-O Qd7 12. a4 a5 13. d5 Nb4 14. d6 Bd8 15. Rc1
f6 16. c5 N6d5 17. Nxd5 Nxd5 18. Bd4 Rb8 19. Bc4 c6 20. Qb3 b6 21. Bxd5 exd5
22. Qc3 bxc5 23. Qxc5 Bd3 24. Rfe1 Bb6 25. Qxc6 Qxc6 26. Rxc6 Bxd4+ 27. Nxd4
fxe5 28. Ne6 Rf7 29. d7 Rxd7 30. Nc5 Re7 31. Nxd3 e4 32. Rd6 Rf7 33. Ne5 Rf5
34. Rxd5 Rb4 35. Rxa5 g6 36. Ra8+ Kg7 37. Ra7+ Kf6 38. Ng4+ Kg5 39. Ne3 Rc5 40.
Rxh7 Rxb2 41. Rf1 1-0

[Event "International Championship of Central Se"]
[Site "Paracin, hotel "]
[Date "2012.07.10"]
[Round "5.42"]
[White "Hadzi - Manev, Ljubomir"]
[Black "Kovacevic, Bozidar"]
[Result "0-1"]
[WhiteElo "2089"]
[BlackElo "1915"]
[PlyCount "88"]
[EventDate "2012.07.06"]

1. d4 Nf6 2. c4 g6 3. Nc3 d5 4. Bf4 Bg7 5. Rc1 c6 6. e3 a6 7. h3 O-O 8. Nf3
dxc4 9. Bxc4 b5 10. Bb3 Bb7 11. O-O Nbd7 12. a4 Rc8 13. Ne5 e6 14. Nd3 Nd5 15.
Nxd5 exd5 16. Qd2 Re8 17. axb5 axb5 18. Qb4 Nb6 19. Qd6 Qxd6 20. Bxd6 Nc4 21.
Bxc4 bxc4 22. Nc5 Ba8 23. b3 Rcd8 24. Bc7 Rc8 25. Bf4 cxb3 26. Nxb3 Bf8 27. Rc2
Bb4 28. Ra1 Kg7 29. Ra4 Be7 30. Ra7 Kg8 31. Rca2 Bf8 32. R2a6 f6 33. g4 g5 34.
Bg3 c5 35. dxc5 d4 36. Rxa8 Rxa8 37. Rxa8 Rxa8 38. exd4 Ra3 39. Nd2 Rd3 40. Nf3
Rxf3 41. c6 Rc3 42. d5 Kf7 43. Bb8 Ke8 44. Ba7 Rd3 0-1

[Event "International Championship of Central Se"]
[Site "Paracin, hotel "]
[Date "2012.07.10"]
[Round "5.43"]
[White "Filipovic, Tomislav S"]
[Black "Debevec, Blaz"]
[Result "0-1"]
[WhiteElo "1865"]
[BlackElo "2083"]
[PlyCount "96"]
[EventDate "2012.07.06"]

1. Nf3 Nf6 2. d4 g6 3. Nc3 d5 4. h3 Bg7 5. e3 O-O 6. Bd3 c5 7. O-O Nc6 8. a3 b6
9. Re1 Re8 10. Bb5 Bb7 11. Ne5 Qc7 12. f4 a6 13. Bxc6 Bxc6 14. Nxc6 Qxc6 15.
Ne2 Ne4 16. c3 f5 17. Rf1 c4 18. Bd2 e6 19. Qc2 b5 20. Rfb1 Bf8 21. Be1 a5 22.
Qd1 Reb8 23. Qc2 b4 24. axb4 axb4 25. cxb4 Bxb4 26. Nc3 Rxa1 27. Rxa1 Bxc3 28.
bxc3 Qb5 29. Kh2 Qb3 30. Ra2 Qxc2 31. Rxc2 Rb1 32. Bh4 Rb3 33. Be1 Kf7 34. g4
Ke8 35. Kg2 Kd7 36. Kf3 Kc6 37. Ke2 Kb5 38. Kd1 Rb1+ 39. Rc1 Rxc1+ 40. Kxc1
fxg4 41. hxg4 Ka4 42. Kc2 h5 43. g5 Nd6 44. Bf2 Nf5 45. Kd2 Kb3 46. Be1 Nd6 47.
Ke2 Kc2 48. Kf3 Kd3 0-1